MARC

LEADER 00000nam0a2200000 4500
001 683673
005 20251210105429.0
090 |a 683673 
100 |a 20251210d1977 k||y0rusy50 ca 
101 0 |a rus 
102 |a RU 
181 0 |a i   |b  e  
182 0 |a n 
183 0 |a nc  |2 RDAcarrier 
200 1 |a Новые приборы холодильной автоматики  |e сборник трудов  |f Всесоюзный научно-исследовательский институт холодильной промышленности; под ред. М. П. Кузьмина 
203 |a Текст  |b визуальный  |c непосредственный 
210 |a Москва  |c Б. и.  |d 1977 
215 |a 72 с. 
283 |a volume  |2 RDAcarrier 
606 |a Холодильные установки  |x Автоматизация  |9 43150 
610 1 |a холодильная автоматика 
610 1 |a приборы 
610 1 |a средства 
610 1 |a создание 
610 1 |a прогрессивные контактные устройства 
610 1 |a герметизированные магнитоуправляемые контакты 
610 1 |a технические характеристики 
675 |a 621.565-5  |v 4 
702 1 |4 340  |a Кузьмин  |b М. П. 
712 0 2 |a Всесоюзный научно-исследовательский институт холодильной промышленности  |c (Москва)  |c (1933-1980)  |4 570  |9 24734 
801 0 |a RU  |b 63413507  |c 20251210 
830 |a Ретро2025Каталогизация Шило 
850 |a 63413507 
942 |c BK